| 000 | 00362nam a2200145Ia 4500 | ||
|---|---|---|---|
| 005 | 20250508020429.0 | ||
| 008 | 240331s9999 xx 000 0 und d | ||
| 082 |
_bBAL _a894 |
||
| 100 | _aBalasubramaniam, R | ||
| 245 | 0 | _aAmma entrouru penn | |
| 260 |
_aMadras _bKumaran Publishers _c1996 |
||
| 300 | _a158 p ., | ||
| 500 | _aA Collection of Stories | ||
| 942 | _cL | ||
| 999 |
_c4328 _d4328 |
||